LEADER 00833nam0-22003011i-450- 001 990006480460403321 005 20001010 035 $a000648046 035 $aFED01000648046 035 $a(Aleph)000648046FED01 035 $a000648046 100 $a20001010d--------km-y0itay50------ba 101 0 $aita 105 $ay-------001yy 200 1 $aEthiopia's Embattled Revolutionaries$fDavid Hamilton 210 $aLondon$cInstitute for the Study of Conflict$d1977. 215 $a21 p. 30 cm 225 1 $aConflict Studies$v82 676 $a963 700 1$aHamilton,$bDavid$0381725 801 0$aIT$bUNINA$gRICA$2UNIMARC 901 $aBK 912 $a990006480460403321 952 $aCOLLEZ. 730 (82)$b18261$fFSPBC 959 $aFSPBC 996 $aEthiopia's Embattled Revolutionaries$9652998 997 $aUNINA DB $aGEN01 LEADER 00887nam0-22003131i-450- 001 990002221440403321 005 20060406113610.0 035 $a000222144 035 $aFED01000222144 035 $a(Aleph)000222144FED01 035 $a000222144 100 $a20030910d1979----km-y0itay50------ba 101 1 $aita 200 1 $aGuida alla stereochimica$fF. D. Gunstone$g[traduzione di Mario Orena] 210 $aBologna$cZanichelli$d1979 215 $aIX, 93 p.$d24 cm 454 0$12001$aGuidebook to stereochemistry.$926372 610 0 $aStereochimica 676 $a541.223 700 1$aGunstone,$bFrank D.$091607 801 0$aIT$bUNINA$gRICA$2UNIMARC 901 $aBK 912 $a990002221440403321 952 $a80 XI 36$b1946$fFFABC 952 $a90 B 3A 04$b927$fFMEBC 959 $aFFABC 959 $aFMEBC 996 $aGuidebook to stereochemistry$926372 997 $aUNINA